<The> Review of corporate finance studies

Saved in:
Bibliographic Details
Format: Serial
Language:English
Published: New York Oxford University Press 2013
Subjects:
Tags: Add Tag
No Tags, Be the first to tag this record!

MARC

LEADER 00000nas2a2200000 4500
001 0239652
005 20180130085007.0
022 |a 2046-9128 
041 0 |a eng 
044 |a US 
245 1 0 |a <The> Review of corporate finance studies 
264 1 |a New York  |b Oxford University Press  |c 2013 
773 0 |w eu_un_cat*0143352 
610 2 0 |a financie podnikové 
610 2 0 |a trh finančný 
610 2 0 |a riadenie finančné 
610 2 0 |a štruktúra podniku organizačná